书目信息 |
| 题名: |
巴基斯坦简史
|
|
| 作者: | 达尼 , 库雷希 编著 ;四川大学外语系 译 | |
| 分册: | 第一卷 前穆斯林时期 | |
| 出版信息: | 成都 四川人民出版社 1974.08 |
|
| 页数: | 406页 | |
| 开本: | 20cm | |
| 丛书名: | ||
| 单 册: | ||
| 中图分类: | K353 | |
| 科图分类: | ||
| 主题词: | 南亚--历史 | |
| 电子资源: | ||
| ISBN: | ||
| 000 | 00785nam0 2200241 45 | |
| 001 | 0212190978 | |
| 005 | 20031219104102.4 | |
| 010 | @dCNY1.34 | |
| 091 | @a11118.2 | |
| 100 | @a20021219d1974 km y0chiy0120 ea | |
| 101 | 0 | @achi |
| 105 | @a z 000yy | |
| 200 | 1 | @a巴基斯坦简史@ABa Ji Si Tan Jian Shi@h第一卷@i前穆斯林时期@f(巴基斯坦)A·H·达尼,I·H·库雷希主编著@F(Ba Ji Si Tan)A·H·Da Ni,I·H·Ku Lei Xi Zhu Bian Zhu@g四川大学外语系译 |
| 210 | @a成都@c四川人民出版社@d1974.08 | |
| 215 | @a406页@d20cm | |
| 517 | @a前穆斯林时期@AQian Mu Si Lin Shi Qi | |
| 606 | 0 | @a南亚@x历史 |
| 690 | @aK353@v3 | |
| 701 | 0 | @a达尼@4编著 |
| 701 | 0 | @a库雷希@4编著 |
| 712 | 02 | @a四川大学外语系@ASi Chuan Da Xue Wai Yu Xi@4译 |
| 801 | @aCN@bTSTC@c20021219 | |
| 905 | @f1@b219246@dK353@e1:1 | |
| 巴基斯坦简史.第一卷.前穆斯林时期/(巴基斯坦)A·H·达尼,I·H·库雷希主编著/四川大学外语系译.-成都:四川人民出版社,1974.08 |
| 406页;20cm |
| ISBN :CNY1.34 |
| ● |
| 相关链接 |
|
|
|
|
正题名:巴基斯坦简史
索取号:K353/1:1
 
预约/预借
| 序号 | 登录号 | 条形码 | 馆藏地/架位号 | 状态 | 备注 |
| 1 | 0219246 | 001738908 | 第二样本阅览室/ [索取号:K353/1:1] | 在馆 |